| 000 | 00984nam0a22002891 4500 | ||
|---|---|---|---|
| 001 | rc\3649820 | ||
| 005 | 20260405100813.0 | ||
| 021 |
_aRU _b[69-20850] |
||
| 035 | _a(NLR Aleph) 007833126 | ||
| 090 |
_a9753655 _c9753655 |
||
| 100 | _a20130115d1969 u y0rusy50 ca | ||
| 101 | 0 | _arus | |
| 102 | _aRU | ||
| 105 | _aa z ||||| | ||
| 200 | 1 | _aВедение больных лейкозом в условиях поликлиники | |
| 210 |
_aМосква _cМедицина _d1969 |
||
| 215 |
_a87 с. _cил. _d20 |
||
| 225 | 1 | _aБиблиотека практического врача | |
| 320 | _aБиблиогр.: с. 85-87 | ||
| 606 |
_aЛейкозы _xЛечение _2psbo |
||
| 700 | 1 |
_8rus _7ca _aМорозова _bВ. Т. _cд-р мед. наук _f1927-2021 _gВиктория Тазаретовна _3RU\NLR\AUTH\7736888 _919877 |
|
| 801 | 0 |
_aRU _bNLR _gpsbo |
|
| 801 | 1 |
_aRU _bELAR _2rusmarc |
|
| 852 |
_aNLR _j69-4/7810 |
||
| 942 | _cBOOK | ||
| 980 | _aNB | ||